000 01297nam a22003977a 4500
001 000009721
003 CHAP
005 20220329133710.0
008 971013s1994 r 00010 d
010 _a9661
011 _a10633
035 _a9871
040 _cCHAP
090 _aTesis
100 0 0 _aBachem Calmund, Ursula.
_99281
245 0 _aContribución al estudio ecológico de la vegetación de "La Fraylesca" Chiapas.
260 _aMéxico. D.F. :
_bEl autor,
_c1994.
300 _a184 h. :
_b: ilus.
502 _aTesis (Biólogo) -- UNAM. Escuela Nacional de Estudios Profesionales Iztacala
590 _aALEPH
_b10
_c20130110
_lUCH01
_h1225
590 _aBATCH-UPD
_b10
_c20130110
_lUCH01
_h0323
590 _aBATCH-UPD
_b10
_c20130110
_lUCH01
_h1841
590 _aBATCH-UPD
_b10
_c20130409
_lUCH01
_h2355
590 _aBATCH-UPD
_b10
_c20130914
_lUCH01
_h0514
590 _aCONVERSION
_b10
_c20130109
_lUCH01
_h1306
590 _aE11695DGD
_b10
_c20150721
_lUCH01
_h0957
650 1 4 _aBotánica
_zChiapas.
_914639
650 1 4 _aBotánica
_zChiapas.
_914639
650 1 4 _aEcología forestal.
_935176
650 1 4 _aEcología vegetal.
_935188
700 0 _aRojas Cruz, Ricardo.
_999294
901 _aBK
942 _cTESIS
942 _n0
949 _bBC
_cTES
_d-20989
_eTS1
_h26713
_i9871
_si
999 _c9661
_d9661